| 000 | 00000nas##2200000za#4500 |
|---|---|
| 001 | 9.514621 |
| 003 | CaOODSP |
| 005 | 20211126112842 |
| 007 | ta |
| 008 | 150406c1993||||xxc|| m #||||f| |0eng|d |
| 022 | |a0713-7931 |
| 040 | |aCaOODSP|beng |
| 043 | |an-cn--- |
| 086 | 1 |aFB3-1E |
| 110 | 2 |aBank of Canada. |
| 245 | 10|aTechnical report |
| 260 | |aOttawa - Ontario : |bBank of Canada |c1973--. |
| 310 | |aIrregular |
| 362 | 1 |aNo. 1-- |
| 520 | 3 |aExamines economic and financial statistics and models that influence Canada’s monetary policies. Papers cover a range of topics, including inflation, capital, assets, savings and investments, exchange rates, prices, wages, interest rates, credit, and profits. Many papers include abstracts, methodology sections, references, and appendices. |
| 546 | |a(Résumés en français.) |
| 563 | |aSpiral binding |
| 775 | 08|tRapport technique |w(CaOODSP)9.513012 |
| 776 | 0#|tTechnical report.|w(CaOODSP)9.505019 |